Obtención de carbón activado a partir de residuos de hueso vacuno a nivel de laboratorio por método químico.

Presenta la obtención de carbón activado a partir de residuos de hueso vacuno a nivel de laboratorio por método químico. Determina el área superficial y números de partículas del carbón activado obtenido y el carbón activado industrial darco, el diámetro activado industrial Darco, la capa...

Full description

Bibliographic Details
Main Author: Lara, Juan Carlos
Other Authors: Tutor: López Valerio, Danilo Ambrosio
Format: Tesis Section = Libro
Language:Undetermined
Spanish
Published: Managua UNI 2004
Subjects:
LEADER 01177nam a2200241Ia 4500
008 240830s9999 xx 000 0 und d
040 |a BIBLIOTECA-RUSB/ Mon 662.93 L318 
041 |a spa 
082 |a Mon 662.93 L318 
100 1 |a Lara, Juan Carlos 
245 1 0 |a Obtención de carbón activado a partir de residuos de hueso vacuno a nivel de laboratorio por método químico. 
260 |a Managua  |b UNI  |c 2004 
300 |a 113 p. :il. 
500 |a Contiene: anexos. 
502 |a Tesis (Ingeniero Químico) - UNI, 2004. 
520 3 |a Presenta la obtención de carbón activado a partir de residuos de hueso vacuno a nivel de laboratorio por método químico. Determina el área superficial y números de partículas del carbón activado obtenido y el carbón activado industrial darco, el diámetro activado industrial Darco, la capacidad de adsorción del carbón activado obtenido y el carbón activado industrial Darco. 
650 7 |a CARBON ACTIVADO - RESIDUOS DE HUESO 
650 7 |b  CARBONIZACION 
650 7 |c  CARBON ACTIVADO - CLASIFICACION 
700 1 |a Tutor:  |b López Valerio, Danilo Ambrosio 
942 |c BK  |2 ddc 
991 |a TESIS 
999 |c 20677